Quiz - Les 12 coups de Midi - Statistiques

Statistiques générales
  • Ce quiz a été pris 914 fois
  • Le résultat moyen est 9 sur 20
Statistiques - réponses
Question Réponse % Correct
Dans la mythologie, de quoi Eole est-il le dieu ? Du Vent
83%
Quand on décuple un nombre, par combien le multiplie-t-on ? 10
68%
Sous Napoléon Bonaparte, quelle colonne parisienne a été fabriquée à partir du bronze des canons pris à l’ennemi ? La colonne Vendôme
66%
Dans la mythologie, en quoi les vieillards amoureux Philémon et Baucis sont-ils transformés à leur mort ? En arbres
57%
À quel endroit prend on sa température par voie axillaire ? Sous l’aisselle
56%
Par quelle boisson pétillante le vin blanc est-il remplacé dans un kir normand ? Du cidre
55%
Si à Barcelone on parle le catalan, quel espagnol parle-t-on à Madrid ? Le castillan
55%
Quel mollusque marin projette un liquide noir appelé « sépia » pour se cacher ? La seiche
53%
Que signifie le mot latin "avis", dont le nom avion est dérivé ? Oiseau
43%
Qu'est-ce qu'un foc en navigation ? Une voile
43%
Sous quel nom la femme de lettres Marguerite Donnadieu est-elle connue ? Marguerite Duras
42%
Qui a composé l'opéra "Carmen" ? Bizet
40%
À l’origine, à qui faisait référence l’expression « Mener en bateau » ? À un saltimbanque/prestigitateur
39%
Quel chevalier intrépide a été adoubé par François 1er ? Bayard
38%
Pour la reine Elizabeth II, qui est le prince consort ? Son Mari
38%
En 1979, quel président égyptien a signé la paix avec l’État d’Israël ? Anouar el-Sadate
31%
Qu'es-ce que la "grisette de Provence" ? Une courgette
29%
Quel tableau exposé au Louvre est le plus grand du musée ? Les Noces de Cana
28%
Quelle est la première ville a avoir prêté ses rues au jeu du Monopoly ? Atlantic City
24%
Quel architecte est à l’origine de la pyramide du Louvre ? Ieoh Ming Pei
23%
Aucun quiz correspondant
Distribution des résultats
% des personnes avec chaque résultat
Percentile par nombre de réponses
Votre historique - résultats
Vous n’avez pas pris ce quiz